5 Minute bedtime stories / (Record no. 86833)

MARC details
000 -LEADER
fixed length control field 00583nam a22001937a 4500
005 - DATE AND TIME OF LATEST TRANSACTION
control field 20170823102400.0
010 ## - LCCN (DPL NO)
LC control number BAC-CH25
020 ## - INTERNATIONAL STANDARD BOOK NUMBER
International Standard Book Number 9789382607762
Terms of availability 225.00
035 ## - SYSTEM CONTROL NUMBER
System control number B-667920
037 ## - SOURCE OF ACQUISITION
Stock number dpl
Source of stock number/acquisition Techniz/Ven
082 ## - DEWEY DECIMAL CLASSIFICATION NUMBER
Classification number S
245 ## - TITLE STATEMENT
Title 5 Minute bedtime stories /
260 ## - PUBLICATION, DISTRIBUTION, ETC. (IMPRINT)
Place of publication, distribution, etc Noida
Name of publisher, distributor, etc Om Kidz
Date of publication, distribution, etc 2015 (repr.)
270 ## - ADDRESS
Address A 12, Sector 64,
City Noida
Postal code 201301
300 ## - PHYSICAL DESCRIPTION
Extent 79p.
Dimensions 22cm(Hb)
700 ## - ADDED ENTRY--PERSONAL NAME
Dates associated with a name Stevens, Roger
942 ## - ADDED ENTRY ELEMENTS (KOHA)
Source of classification or shelving scheme Dewey Decimal Classification
Item type Children Books
Call number suffix MIN
Classification part S
Holdings
Withdrawn status Lost status Not for loan Collection code Home library Current library Date acquired Source of acquisition Cost, normal purchase price Full call number Barcode Copy number Cost, replacement price Koha item type
      Fiction Ashok Vihar Ashok Vihar 23/08/2017 BPPD/CH-EN/2014-15/AV/16-17/385/15.2.2017/17433/24.2.2017/ 18.3.2017 225.00 S MIN B-667920 1 225.00 Children Books

© Delhi Public Library
Hit Counter
free hit counter